Score 0/54 Timer 06:00
11 Plays Today
Continent Country % Correct
OceaniaAustralia
91.8%
OceaniaNew Zealand
89.4%
North & South AmericaCanada
88%
EuropeUnited Kingdom
85.8%
AfricaSouth Africa
85.6%
AsiaIndia
85.2%
North & South AmericaJamaica
75%
AfricaKenya
74.8%
AsiaPakistan
74.5%
OceaniaFiji
69.6%
North & South AmericaThe Bahamas
69.1%
North & South AmericaBarbados
66.9%
AfricaNigeria
65.8%
AsiaBangladesh
65.2%
North & South AmericaSaint Kitts and Nevis
64.8%
AfricaZambia
64.1%
North & South AmericaTrinidad and Tobago
63.8%
AfricaTanzania
63.7%
AsiaSri Lanka
62.2%
AfricaUganda
61.9%
OceaniaSamoa
62%
OceaniaTonga
61.6%
AfricaLesotho
61.4%
AfricaGhana
60.4%
North & South AmericaSaint Lucia
60.4%
North & South AmericaAntigua and Barbuda
60.1%
EuropeMalta
59.9%
Continent Country % Correct
OceaniaVanuatu
59.9%
OceaniaTuvalu
59.7%
AsiaSingapore
59.1%
North & South AmericaSaint Vincent and the Grenadines
59%
AfricaBotswana
58.8%
OceaniaPapua New Guinea
58.3%
AfricaNamibia
58.2%
North & South AmericaDominica
57.8%
AfricaEswatini
57.4%
North & South AmericaBelize
57.2%
AsiaMalaysia
56.4%
OceaniaNauru
56.2%
OceaniaSolomon Islands
55.9%
AfricaRwanda
55.2%
North & South AmericaGrenada
54.8%
EuropeCyprus
54.4%
OceaniaKiribati
53.3%
North & South AmericaGuyana
50.9%
AfricaMalawi
50.2%
AfricaMozambique
50%
AfricaCameroon
48.9%
AfricaSeychelles
47.4%
AfricaThe Gambia
46.4%
AfricaMauritius
44.2%
AsiaMaldives
42%
AfricaSierra Leone
41.3%
AsiaBrunei
39.5%
Remove Ads.
Support Sporcle.
Get the best of Sporcle when you Go Orange. This ad-free experience offers more features, more stats, and more fun while also helping to support Sporcle. Thank you for becoming a member.

You're not logged in!

Compare scores with friends on all Sporcle quizzes.
OR
Log In

Show Comments

Extras

Top Quizzes Today


Score Distribution

Your Account Isn't Verified!

In order to create a playlist on Sporcle, you need to verify the email address you used during registration. Go to your Sporcle Settings to finish the process.

Report this User

Report this user for behavior that violates our Community Guidelines.

Details: